Progress Report to the IMFC on the Activities of the Independent Evaluation Office of the IMF.

Since the October 2017 report to the IMFC, the IEO has completed an evaluation of the IMF's work in fragile states and an update of its 2007 evaluation of IMF exchange rate policy advice. The office continued work on two evaluations, on IMF financial surveillance and on IMF advice on unconventi...

Celý popis

Podrobná bibliografie
Korporativní autor: International Monetary Fund
Médium: Časopis
Jazyk:English
Vydáno: Washington, D.C. : International Monetary Fund, 2018.
Edice:Policy Papers; Policy Paper ; No. 2018/021
Témata:
On-line přístup:Full text available on IMF
LEADER 01834cas a2200313 a 4500
001 AALejournalIMF019221
008 230101c9999 xx r poo 0 0eng d
020 |c 5.00 USD 
020 |z 9781498308359 
022 |a 2663-3493 
040 |a BD-DhAAL  |c BD-DhAAL 
110 2 |a International Monetary Fund. 
245 1 0 |a Progress Report to the IMFC on the Activities of the Independent Evaluation Office of the IMF. 
264 1 |a Washington, D.C. :  |b International Monetary Fund,  |c 2018. 
300 |a 1 online resource (3 pages) 
490 1 |a Policy Papers 
500 |a <strong>Off-Campus Access:</strong> No User ID or Password Required 
500 |a <strong>On-Campus Access:</strong> No User ID or Password Required 
506 |a Electronic access restricted to authorized BRAC University faculty, staff and students 
520 3 |a Since the October 2017 report to the IMFC, the IEO has completed an evaluation of the IMF's work in fragile states and an update of its 2007 evaluation of IMF exchange rate policy advice. The office continued work on two evaluations, on IMF financial surveillance and on IMF advice on unconventional monetary policies, as well as an update of the 2008 evaluation of structural conditionality. It also launched an update of IEO's 2008 Evaluation of IMF Governance. The IEO welcomes recent steps taken by the IMF to follow through on Board-endorsed recommendations of its 2016-17 evaluations. 
538 |a Mode of access: Internet 
650 7 |a Advice  |2 imf 
650 7 |a Evaluation  |2 imf 
650 7 |a IEO  |2 imf 
650 7 |a IMF Exchange Rate Policy Advice  |2 imf 
650 7 |a PP  |2 imf 
651 7 |a Greece  |2 imf 
830 0 |a Policy Papers; Policy Paper ;  |v No. 2018/021 
856 4 0 |z Full text available on IMF  |u http://elibrary.imf.org/view/journals/007/2018/021/007.2018.issue-021-en.xml  |z IMF e-Library